000 00739nam a22001577a 4500
003 OSt
005 20150919094231.0
008 150919b xxu||||| |||| 00| 0 eng d
040 _cRUA
082 _aAGR NOY 2004 B030 Or.1
100 _9824
_aNOY, SOPHOIN.
245 _aa study the kinds of weed on rice crop and weed control by farmers in kompong chinang province(សិក្សាអំពីប្រភេទរុក្ខជាតិចង្រៃនៅលើដំណាំស្រូវ រួមទាំងវិធានការកំចាត់របស់កសិករក្នុងខេត្តកំពង់ឆ្នាំង)
260 _aPhnom Penh
_bRUA
_c2004
300 _a60p.
_bill.
_c29cm.
942 _2ddc
_cAGR
999 _c793
_d793